000 00527cac a2200193 a 4500
003 CO-PeBPM
005 20250828113205.0
008 231129e1972||||xx |||||||||||||| ||spa||
040 0 _aCO-PeBPM
_bspa
_cCO-PeBPM
_erda
041 0 _aspa
082 0 4 _a301.42 T425p
100 1 _aThibault, Odette
_eautor
245 1 0 _aLa pareja
_cOdette Thibault
260 _aMadrid, España
_bGuadarrama
_c1972
300 _a207 Páginas
_c; 18 centímetros
500 _aIncluye Índice
504 _aIncluye Bibliografía
942 _2ddc
_cBK
999 _c17869
_d17869